Η Αρκτική και η διάνοιξη θαλάσσιων διαδρομών μέσω του βορείου διαύλου με την χρήση πλοίου ενισχυμένου τοιχώματος : πτυχιακή εργασία
Αποθηκεύτηκε σε:
| Κύριος συγγραφέας: | |
|---|---|
| Συγγραφή απο Οργανισμό/Αρχή: | |
| Άλλοι συγγραφείς: | |
| Μορφή: | Thesis Βιβλίο |
| Γλώσσα: | Greek |
| Δημοσίευση: |
Χίος :
Πανεπιστήμιο Αιγαίου, Τμήμα Ναυτιλίας και Επιχειρηματικών Υπηρεσίων,
2009
|
| Θέματα: | |
| Διαθέσιμο Online: | http://hdl.handle.net/11610/9347 |
| Ετικέτες: |
Προσθήκη ετικέτας
Δεν υπάρχουν, Καταχωρήστε ετικέτα πρώτοι!
|
MARC
| LEADER | 00000cam a2200000 i 4500 | ||
|---|---|---|---|
| 001 | 1/7237 | ||
| 008 | 100507s2009 gre d | ||
| 035 | |l 10107791 | ||
| 040 | |a GR-MY-UA |b gre |e aacr | ||
| 041 | 0 | |a gre | |
| 082 | 0 | |a 551.31 |2 (22) | |
| 100 | 0 | |a Παπαγεωργίου, Ιωάννης. | |
| 245 | 1 | 2 | |a Η Αρκτική και η διάνοιξη θαλάσσιων διαδρομών μέσω του βορείου διαύλου με την χρήση πλοίου ενισχυμένου τοιχώματος : |b πτυχιακή εργασία / |c Παπαγεωργίου Ιωάννης ; επιβλέπων καθηγητής Δαλακλής Δημήτριος |
| 260 | |a Χίος : |b Πανεπιστήμιο Αιγαίου, Τμήμα Ναυτιλίας και Επιχειρηματικών Υπηρεσίων, |c 2009 | ||
| 300 | |a 50 σ.; |b εικ., χάρτ.; |c 30 εκ. | ||
| 502 | |a Πτυχιακή εργασία – Πανεπιστήμιο Αιγαίου, Χίος, 2009. | ||
| 504 | |a Βιβλιογραφία: σ. 44 | ||
| 650 | 0 | 0 | |a Ice. |
| 650 | 0 | 0 | |a Ice-breaker. |
| 650 | 0 | 0 | |a Arctic regions |x Strategic aspects. |
| 650 | 0 | 0 | |a Dissertations, Academic |z Greece. |
| 700 | 1 | |a Δαλακλής, Δημήτριος. |4 ths | |
| 710 | 1 | |a Πανεπιστήμιο Αιγαίου |b Σχολή Επιστημών της Διοίκησης |b Τμήμα Ναυτιλίας και Επιχειρηματικών Υπηρεσιών - Τ.Ν.Ε.Υ. | |
| 852 | |a INST |b CHIOS |c DIATR |e 20100507 |h 551.31 ΠΑΠ |p 005200031448 |q 005200031448 |t DIE |y 23 | ||
| 852 | |a INST |b CHIOS |c DIATR |e 20100507 |h 551.31 ΠΑΠ |p 005200031449 |q 005200031449 |t DIE |y 23 | ||
| 856 | |u http://hdl.handle.net/11610/9347 | ||
| 901 | |a BIBL2-2010-2 | ||
| 909 | |a Χ |b 148273 | ||
| 909 | |a Χ |b 148274 | ||
| 924 | |a ΠΑΠΑΓΕΩΡΓΙΟΥ |b ΙΩΑΝΝΗΣ |y ΧΙΟΣ |z 2009-10 | ||
| 970 | |a ΔΕΣΠΟΙΝΑ |b ΑΤΣΑΛΗ |z 2010/05/07 | ||